| 000 | 00814nam a22002177a 4500 | ||
|---|---|---|---|
| 005 | 20231116172103.0 | ||
| 010 | _aENG-138417 | ||
| 020 |
_c2495.00 _a9789391211233 |
||
| 035 | _aEN-121949 | ||
| 037 | _bDBAD | ||
| 082 |
_a346.09 _2Fourteenth |
||
| 100 |
_aAiyar, S Krishnamurthi _958800 |
||
| 245 |
_aLaw Relating to The Negotiable Instruments Act/ _cBy S Krishnamurthi Aiyar Edited By S.K Sarvaria and Apoorv Sarvaria _hEnglish |
||
| 250 | _aFourteenth | ||
| 260 |
_aGurgaon _bEastern Law House _c2022 |
||
| 270 |
_a14th FLoor, Building No.10,Tower-B,DLF Cyber City, Phase-II _bHaryana _e122002 _k+911244774444 _mhelp.in@lexisnexis.com _l+911244774100 |
||
| 300 |
_avp. _c24cm(hbk) |
||
| 700 |
_aSarvaria , S.K _958801 |
||
| 700 |
_aSarvaria, Apoorv _958802 |
||
| 942 |
_2ddc _cEN _h346.09 _mAIY |
||
| 999 |
_c199126 _d199126 |
||